| 000 | 00344nam a22001337a 4500 | ||
|---|---|---|---|
| 020 | _a0-8247-7562-7 | ||
| 082 | _a621.38171 MOL'C | ||
| 100 |
_aCARTER, E. L _966008 |
||
| 245 | _aMOLECULAR ELECTRONICS DEVICES II | ||
| 260 |
_aNEWYOKR _bMARCEL DEKKER _c1987 |
||
| 300 | _a825P | ||
| 650 |
_aMOLCULAR ELECTRONICS CONGRESSES _966009 |
||
| 942 | _cBK | ||
| 999 |
_c574062 _d574062 |
||